| 000 | 00973ny a22002293n 4500 | ||
|---|---|---|---|
| 005 | 20240305165312.0 | ||
| 008 | 101118s2010 mx 000 spa d | ||
| 022 | _a9786074400878 | ||
| 035 | _a5100 | ||
| 040 |
_aBUS _dvLex |
||
| 090 |
_c124 _d124 |
||
| 100 | 1 | _aPérez Chavez, José | |
| 245 | 1 | 0 |
_aLeyes tributarias del Distrito Federal 2010 _h[Recurso electrónico] _cJosé Pérez Chavez ; Raymundo Fol Olguin |
| 256 | _aServicio en línea | ||
| 260 |
_aMéxico : _bTax ed, _c2010 |
||
| 506 | 1 |
_aContenido solo disponible en los productos indicados _dvLex Global _dvLex Global (Academic Edition, excluding Law Schools) _dvLex Global (U.S. Academic Edition, Law Schools) _dvLex Global (U.S. Academic Edition, excluding Law Schools) _dvLex Global (Academic Edition, Law Schools) |
|
| 650 | 0 | 4 |
_aDerecho fiscal _zMexico |
| 700 | 1 | _aFol Olguin, Raymundo | |
| 740 | 0 | _avLex Libros (Servicios en línea) | |
| 856 | 4 | 0 | _uhttps://app.vlex.com/#/sources/5100 |
| 942 | _cRAA | ||
| 999 |
_c158662 _d158662 |
||